Structural, Electronic and Mechanical Properties of Advanced Functional Materials / (Record no. 589075)

000 -LEADER
fixed length control field 00409nam a22001337a 4500
020 ## - INTERNATIONAL STANDARD BOOK NUMBER
International Standard Book Number 9789155487232
082 ## - DEWEY DECIMAL CLASSIFICATION NUMBER
Classification number 621.312424
Author Mark RAM
100 ## - MAIN ENTRY--PERSONAL NAME
Personal name Ramzan, Muhammad
245 ## - TITLE STATEMENT
Title Structural, Electronic and Mechanical Properties of Advanced Functional Materials /
Statement of responsibility, etc. Muhammad Ramzan
260 ## - PUBLICATION, DISTRIBUTION, ETC.
Place of publication, distribution, etc. Sweden :
Name of publisher, distributor, etc. UPPSALA University,
Date of publication, distribution, etc. 2013.
300 ## - PHYSICAL DESCRIPTION
Extent Unpaged,
Dimensions 24 cm.
563 ## - BINDING INFORMATION
Binding note PBK.
942 ## - ADDED ENTRY ELEMENTS (KOHA)
Source of classification or shelving scheme
Koha item type Book
Holdings
Withdrawn status Lost status Source of classification or shelving scheme Damaged status Not for loan Permanent Location Current Location Shelving location Date acquired Source of acquisition Total Checkouts Full call number Barcode Date last seen Price effective from Koha item type
          Central Library (CL) Central Library (CL) Electronics 04/11/2022 Donation   621.312424 RAM CL-D-1622 04/11/2022 04/11/2022 Book
© 2023 Central Library, National University of Sciences and Technology. All Rights Reserved.